| 000 | 00949nam a22002537a 4500 | ||
|---|---|---|---|
| 001 | 3908 | ||
| 003 | FISKH | ||
| 005 | 20240524153828.0 | ||
| 008 | 240523b cb ||||| |||| 00| 0 eng d | ||
| 040 |
_aFISK _beng _cFISK _dFISK |
||
| 050 | _aE457.S54 | ||
| 082 | _a973.7 | ||
| 100 |
_aSheinkin Steve _d1968- |
||
| 245 |
_aLincoln's grave robbers / _cSteve Sheinkin |
||
| 260 |
_aNew York : _bScholastic , _c2013 |
||
| 300 |
_a214 pages : _billustrations ; _c20 cm |
||
| 505 | _aQ | ||
| 520 | _aA dramatic account of the 1875 attempt to steal the 16th president's body describes how a counterfeiting ring plotted to ransom Lincoln's body to secure the release of their imprisoned ringleader and how a fledgling Secret Service and an undercover agent conducted a daring election-night sting operation. | ||
| 521 | 8 |
_a930
_bLexile |
|
| 521 | 8 |
_aQ
_bRaz-Plus |
|
| 700 | _aSteve Sheinkin | ||
| 942 |
_2ddc _cBK _n0 |
||
| 999 |
_c3908 _d3908 |
||